[Event "33rd Zalakaros Open 2014"]
[Site "Zalakaros HUN"]
[Date "2014.05.29"]
[Round "7.19"]
[White "Nagy, Gabor1"]
[Black "Tesik, Csaba"]
[Result "1-0"]
[WhiteTitle "IM"]
[BlackTitle "FM"]
[WhiteElo "2438"]
[BlackElo "2329"]
[WhiteFideId "737119"]
[BlackFideId "735582"]
[EventDate "2014.05.23"]

1. Nf3 Nf6 2. c4 g6 3. Nc3 Bg7 4. g3 O-O 5. Bg2 d6 6. O-O e5 7. d3 a5 8. Rb1 Nc6
9. a3 h6 10. b4 axb4 11. axb4 Be6 12. b5 Ne7 13. Bb2 Qc8 14. Re1 Bh3 15. Bh1 Qe6
16. Qb3 Ng4 17. Ra1 Rxa1 18. Rxa1 f5 19. Nd5 Nxd5 20. Ng5 Nf4 21. gxf4 Qe7 22.
Nxh3 e4 23. dxe4 fxe4 24. Bxg7 Qxg7 25. Rd1 g5 26. Bxe4 gxf4 27. Kh1 Kh8 28. Qf3
Ne5 29. Qh5 b6 30. Rg1 Qf6 31. Bd5 1-0

[Event "33rd Zalakaros Open 2014"]
[Site "Zalakaros HUN"]
[Date "2014.05.29"]
[Round "7.20"]
[White "Almasi, Istvan"]
[Black "Gara, Anita"]
[Result "1-0"]
[WhiteTitle "IM"]
[BlackTitle "IM"]
[WhiteElo "2403"]
[BlackElo "2326"]
[WhiteFideId "701742"]
[BlackFideId "709751"]
[EventDate "2014.05.23"]

1. Nf3 Nf6 2. d4 g6 3. Bf4 Bg7 4. e3 O-O 5. Be2 d6 6. h3 c5 7. O-O b6 8. c3 Bb7
9. Nbd2 Nbd7 10. Bh2 Qc7 11. a4 a6 12. Bd3 Rfe8 13. Qe2 e5 14. dxe5 dxe5 15.
Rfd1 Qc6 16. Bc4 Re7 17. b4 e4 18. Ng5 cxb4 19. cxb4 Nd5 20. Bxd5 Qxd5 21. Ndxe4
Qb3 22. Rab1 Qxa4 23. Nd6 Qc6 24. e4 Nf6 25. Qa2 a5 26. Ndxf7 axb4 27. Rd8+ Bf8
28. Rxa8 Kg7 29. Nd8 1-0

[Event "33rd Zalakaros Open 2014"]
[Site "Zalakaros HUN"]
[Date "2014.05.29"]
[Round "7.21"]
[White "Sean, Winshand Cuhendi"]
[Black "Vegh, Endre"]
[Result "1-0"]
[WhiteTitle "FM"]
[BlackTitle "IM"]
[WhiteElo "2385"]
[BlackElo "2293"]
[WhiteFideId "7101554"]
[BlackFideId "700568"]
[EventDate "2014.05.23"]

1. e4 d6 2. d4 Nf6 3. Nc3 c6 4. Nf3 Bg4 5. h3 Bh5 6. Bd3 e6 7. g4 Bg6 8. Qe2 d5
9. Bg5 Be7 10. Bxf6 Bxf6 11. O-O-O Be7 12. h4 Nd7 13. h5 Bxe4 14. Bxe4 dxe4 15.
Nxe4 Nf6 16. Nc5 Bxc5 17. dxc5 Qa5 18. Qc4 Nd7 19. h6 g6 20. Ng5 Qxc5 21. Qf4
O-O-O 22. Ne4 e5 23. Qxf7 Qb4 24. Nd6+ Kc7 25. Qe7 Qf4+ 26. Kb1 Qf8 27. Qe6 Nb6
28. Qxe5 Rxd6 29. Rxd6 Nc4 30. Qg7+ Kxd6 31. Rd1+ Kc5 32. Qd4+ Kb5 33. a4+ Kxa4
34. b3+ Kb5 35. Qxc4+ Kb6 36. Qd4+ Kc7 37. Qe5+ Kc8 38. Qe6+ Kb8 39. Rd7 a6 40.
Qe5+ Ka8 41. Qg7 Qe8 42. Rxb7 Qe1+ 43. Kb2 Qxf2 44. Rf7 1-0

[Event "33rd Zalakaros Open 2014"]
[Site "Zalakaros HUN"]
[Date "2014.05.29"]
[Round "7.22"]
[White "Gara, Ticia"]
[Black "Tolnai, Tibor"]
[Result "0-1"]
[WhiteTitle "WGM"]
[BlackTitle "GM"]
[WhiteElo "2338"]
[BlackElo "2469"]
[WhiteFideId "717444"]
[BlackFideId "700126"]
[EventDate "2014.05.23"]

1. e4 c5 2. Nf3 e6 3. d4 cxd4 4. Nxd4 a6 5. Bd3 Nf6 6. O-O Qc7 7. Qe2 d6 8. c4
Nc6 9. Nxc6 bxc6 10. Nc3 Be7 11. f4 Nd7 12. Be3 O-O 13. Rac1 e5 14. f5 Bb7 15.
Rfd1 Nf6 16. g4 h6 17. Bb1 Nh7 18. c5 dxc5 19. Na4 a5 20. Nxc5 Rfd8 21. a3 Bg5
22. Bxg5 Nxg5 23. Kg2 Nh7 24. h4 Qe7 25. b4 axb4 26. axb4 Rd4 27. Rxd4 exd4 28.
e5 Ra3 29. Bd3 Bc8 30. e6 fxe6 31. Nxe6 Nf6 32. Nxd4 Qd6 33. Bc4+ Kh7 34. Nf3
Qf4 35. Rh1 Qxg4+ 36. Kf2 Ne4+ 0-1

[Event "33rd Zalakaros Open 2014"]
[Site "Zalakaros HUN"]
[Date "2014.05.29"]
[Round "7.23"]
[White "Balazs, Gabor2"]
[Black "Boguszlavszkij, Jevgenyij"]
[Result "1/2-1/2"]
[BlackTitle "IM"]
[WhiteElo "2397"]
[BlackElo "2217"]
[WhiteFideId "731374"]
[BlackFideId "700614"]
[EventDate "2014.05.23"]

1. d4 Nf6 2. c4 d6 3. Nc3 Nbd7 4. e4 e5 5. Nf3 Be7 6. Be2 O-O 7. O-O Re8 8. d5
Nc5 9. Qc2 a5 10. Be3 b6 11. Nd2 Ng4 12. Bxg4 Bxg4 13. f3 Bd7 14. b3 Bg5 15. Bf2
Qf6 16. Rfb1 Qh6 17. Nf1 Rf8 18. a3 a4 19. Bxc5 axb3 20. Rxb3 dxc5 21. Rd1 Be7
22. Qd2 Qxd2 23. Rxd2 Ra6 24. Ra2 1/2-1/2

[Event "33rd Zalakaros Open 2014"]
[Site "Zalakaros HUN"]
[Date "2014.05.29"]
[Round "7.24"]
[White "Bagi, Mate"]
[Black "Madl, Ildiko"]
[Result "1/2-1/2"]
[WhiteTitle "FM"]
[BlackTitle "IM"]
[WhiteElo "2378"]
[BlackElo "2328"]
[WhiteFideId "742570"]
[BlackFideId "700550"]
[EventDate "2014.05.23"]

1. d4 d5 2. Nc3 Nf6 3. Bf4 c6 4. e3 Bf5 5. f3 e6 6. g4 Bg6 7. h4 h6 8. h5 Bh7 9.
Bd3 Bd6 10. Nge2 Bxf4 11. exf4 Nbd7 12. Bxh7 Nxh7 13. Qd3 Qc7 14. O-O-O O-O-O
15. Qe3 Nhf6 16. Ng3 Ne8 17. Nce2 1/2-1/2

[Event "33rd Zalakaros Open 2014"]
[Site "Zalakaros HUN"]
[Date "2014.05.29"]
[Round "7.25"]
[White "Havasi, Gergo"]
[Black "Antal, Tibor Kende"]
[Result "1-0"]
[BlackTitle "FM"]
[WhiteElo "2302"]
[BlackElo "2357"]
[WhiteFideId "760293"]
[BlackFideId "738581"]
[EventDate "2014.05.23"]

1. e4 c5 2. Nf3 d6 3. Bb5+ Bd7 4. Bxd7+ Qxd7 5. c4 Nc6 6. Nc3 g6 7. d4 cxd4 8.
Nxd4 Bg7 9. Be3 Nf6 10. h3 O-O 11. O-O a6 12. a4 Rac8 13. b3 Qd8 14. Qd2 Nd7 15.
Rfd1 Re8 16. Rab1 Nc5 17. Nde2 b6 18. f3 Qc7 19. Kh1 Nb4 20. Nd5 Nxd5 21. exd5
b5 22. cxb5 axb5 23. a5 b4 24. Qxb4 Ra8 25. Qd2 Reb8 26. b4 Na4 27. Rdc1 Qd7 28.
Bd4 Qb5 29. Bxg7 Kxg7 30. Qa2 Rc8 31. Qd2 Rcb8 32. Qd4+ Kg8 33. Nf4 Rb7 34. Nd3
Rab8 35. Kh2 Rd7 36. Ra1 Ra8 37. Rab1 Rb7 38. h4 Qd7 39. Rc4 Rb5 40. Rbc1 Qf5
41. Nf4 Qe5 42. Qd2 Rab8 43. g3 Qb2 44. Qxb2 Nxb2 45. Rc8+ Kg7 46. a6 1-0

[Event "33rd Zalakaros Open 2014"]
[Site "Zalakaros HUN"]
[Date "2014.05.29"]
[Round "7.27"]
[White "Szalanczy, Emil"]
[Black "Ekdyshman, Mikhail"]
[Result "1/2-1/2"]
[WhiteTitle "IM"]
[BlackTitle "IM"]
[WhiteElo "2266"]
[BlackElo "2351"]
[WhiteFideId "700347"]
[BlackFideId "4149416"]
[EventDate "2014.05.23"]

1. e4 c5 2. Nf3 d6 3. d4 cxd4 4. Nxd4 Nf6 5. Nc3 a6 6. Be3 e6 7. g4 b5 8. g5
Nfd7 9. Qh5 g6 10. Qe2 Bb7 11. Bg2 Nc5 12. b4 Bg7 13. O-O Ncd7 14. a4 Qc8 15.
Ra3 Ne5 16. Rd1 Nc4 17. Rb3 Nxe3 18. Qxe3 O-O 19. axb5 Nd7 20. bxa6 Bxa6 21. b5
Bb7 22. Nde2 Ne5 23. h4 f6 24. Qg3 fxg5 25. hxg5 Qc5 26. Nd4 Rae8 27. b6 Rf7 28.
Rb5 Qc8 29. Ra5 Nc4 30. Ra7 Be5 31. Qh3 Nxb6 32. Nce2 Ree7 33. c3 Qc5 34. Rb1
Nc4 35. Ra2 Re8 36. Qg4 Bg7 37. Rb5 Qc8 38. Ra7 Ne5 39. Qh3 Qb8 40. Ra4 Qc8 41.
Ra7 Ba6 42. Rxf7 Nxf7 43. Ra5 Bxe2 44. Nxe2 Qd8 45. Rb5 Nxg5 46. Qe3 Nf7 47. Rb7
Re7 48. Qa7 Rxb7 49. Qxb7 g5 50. f3 Qf6 51. Nd4 Ne5 52. Bh3 Nxf3+ 53. Nxf3 Qxf3
54. Bxe6+ Kh8 55. Bf5 Qd1+ 56. Kf2 Qd2+ 57. Kf1 Qf4+ 58. Kg2 Qd2+ 59. Kf1 Qc1+
60. Kg2 Qc2+ 61. Kf1 Qd3+ 62. Kf2 Qc4 63. Qb8+ Qg8 64. Qxd6 Bxc3 65. Kf3 Qf7 66.
Qd8+ Qg8 67. Qe7 h5 68. Qd7 Be5 69. Qc6 g4+ 70. Ke2 Qa2+ 71. Kd1 Qa1+ 72. Ke2
Qb2+ 73. Kf1 Qb1+ 74. Ke2 Qa2+ 75. Kf1 Qb1+ 76. Ke2 Qb2+ 77. Kf1 Qa1+ 78. Ke2
Qa2+ 79. Kf1 Qf7 80. Qh6+ Kg8 81. Qg6+ Kf8 82. Qxf7+ Kxf7 83. Kg2 Kf6 84. Bd7
Kg5 85. Bc8 Kf4 86. Bf5 Ke3 87. Bc8 Kxe4 88. Bd7 Kf4 89. Bc8 Kg5 90. Bd7 h4 91.
Bxg4 Kxg4 92. Kh1 Kh3 93. Kg1 Bg3 94. Kh1 Bh2 1/2-1/2

[Event "33rd Zalakaros Open 2014"]
[Site "Zalakaros HUN"]
[Date "2014.05.29"]
[Round "7.28"]
[White "Goczo, Melinda"]
[Black "Csonka, Attila Istvan"]
[Result "1-0"]
[WhiteTitle "WIM"]
[BlackTitle "IM"]
[WhiteElo "2229"]
[BlackElo "2351"]
[WhiteFideId "711985"]
[BlackFideId "716529"]
[EventDate "2014.05.23"]

1. d4 Nf6 2. c4 e6 3. Nf3 b6 4. g3 Ba6 5. b3 b5 6. Bg2 bxc4 7. Ne5 d5 8. bxc4
Bb4+ 9. Bd2 Bxd2+ 10. Qxd2 c6 11. c5 O-O 12. O-O Qc7 13. Nc3 Nbd7 14. f4 Rab8
15. Rfd1 Rfd8 16. Qc2 Nxe5 17. fxe5 Ng4 18. Qd2 Rb7 19. Rab1 Rdb8 20. h3 Nh6 21.
g4 Rxb1 22. Rxb1 Rxb1+ 23. Nxb1 Qb8 24. Na3 Kf8 25. e4 Qb7 26. Qc3 Ng8 27. exd5
exd5 28. Bf1 f6 29. Qa5 Bxf1 30. Qd8+ Kf7 31. e6+ Kg6 32. Qxg8 Bd3 33. h4 h6 34.
Qf7+ 1-0

[Event "33rd Zalakaros Open 2014"]
[Site "Zalakaros HUN"]
[Date "2014.05.29"]
[Round "7.29"]
[White "Meszaros, Tamas"]
[Black "Kozak, Adam"]
[Result "1/2-1/2"]
[WhiteTitle "IM"]
[WhiteElo "2438"]
[BlackElo "2210"]
[WhiteFideId "717410"]
[BlackFideId "753246"]
[EventDate "2014.05.23"]

1. e4 e5 2. Nf3 Nc6 3. Be2 Nf6 4. d3 d5 5. Nbd2 Be7 6. O-O O-O 7. c3 Re8 8. Qc2
Bg4 9. Re1 Qd7 10. h3 Bh5 11. Nf1 Rad8 12. Ng3 Bg6 13. Nh4 Qe6 14. Nxg6 hxg6 15.
Qb3 Qc8 16. exd5 Rxd5 17. Ne4 Rdd8 18. Ng5 Rf8 19. d4 Bd6 20. Bd3 exd4 21. Bc4
Qd7 22. Qxb7 Ne5 23. Qa6 Nxc4 24. Qxc4 dxc3 25. Qxc3 Rfe8 26. Be3 Nd5 27. Qc1
Qf5 28. Nf3 Nb4 29. Re2 Nd3 30. Qc4 Ne5 31. Nxe5 Qxe5 32. g3 Qf5 33. Kg2 Re4 34.
Qc6 Rde8 35. Rc1 a5 36. b3 R4e6 37. Qf3 Qb5 38. Rec2 Qe5 39. Rd1 Qb5 40. Qd5 Qa6
41. Rc4 Ra8 42. Rc6 Qc8 43. Rd4 Re5 44. Qc4 Qb7 45. Rd5 a4 46. bxa4 Rxa4 47.
Qxa4 Rxd5 48. Kh2 Rb5 49. Ra6 Rb1 50. Qc6 Qxc6 51. Rxc6 Ra1 52. Ra6 f6 53. a4
Bb4 54. Rc6 Be1 55. Rc4 Ba5 56. Kg2 Bb6 57. Kf3 Kf7 58. Ke4 Ke6 59. Bxb6 cxb6
60. Rb4 Kd7 61. Kd5 Rd1+ 62. Rd4 Re1 63. Rg4 Re5+ 64. Kd4 g5 65. h4 Ra5 66. Ke3
gxh4 67. Rxg7+ Ke6 68. gxh4 Rxa4 69. h5 Rh4 70. Rb7 Rxh5 71. Rxb6+ Kf7 72. f4
Kg6 73. Ke4 Ra5 74. Rb8 Ra4+ 75. Kf3 Kf5 76. Rb5+ Kg6 77. Kg4 Ra1 78. Rc5 Rg1+
79. Kf3 Rf1+ 80. Kg4 Rg1+ 81. Kf3 Rf1+ 82. Kg4 1/2-1/2

[Event "33rd Zalakaros Open 2014"]
[Site "Zalakaros HUN"]
[Date "2014.05.29"]
[Round "7.30"]
[White "Peczely, Sebastian Zsombor"]
[Black "Papp, Petra"]
[Result "1/2-1/2"]
[BlackTitle "WGM"]
[WhiteElo "2200"]
[BlackElo "2292"]
[WhiteFideId "750964"]
[BlackFideId "739049"]
[EventDate "2014.05.23"]

1. e4 c5 2. Nf3 d6 3. d4 cxd4 4. Nxd4 Nf6 5. Nc3 a6 6. Be3 e5 7. Nb3 Be7 8. h3
O-O 9. g4 Be6 10. g5 Nfd7 11. h4 a5 12. a3 Na6 13. Bh3 Nc7 14. Qf3 b5 15. Nd5
Nxd5 16. exd5 Bxh3 17. Rxh3 f5 18. Qe2 Qb8 19. Bd2 Qb7 20. O-O-O b4 21. a4 Rfc8
22. Be3 Re8 23. f3 Bd8 24. Kb1 Qa6 25. Nc1 Qxe2 26. Nxe2 Bb6 27. Bc1 Rac8 28. b3
f4 29. Bb2 Be3 30. Bc1 1/2-1/2

[Event "33rd Zalakaros Open 2014"]
[Site "Zalakaros HUN"]
[Date "2014.05.29"]
[Round "7.31"]
[White "Maroroa, Sue"]
[Black "Kantor, Gergely"]
[Result "1-0"]
[WhiteTitle "WIM"]
[BlackTitle "FM"]
[WhiteElo "2131"]
[BlackElo "2380"]
[WhiteFideId "4301498"]
[BlackFideId "751499"]
[EventDate "2014.05.23"]

1. e4 c5 2. Nf3 e6 3. g3 d5 4. exd5 exd5 5. d4 Nc6 6. Bg2 Bg4 7. Be3 cxd4 8.
Bxd4 Qe7+ 9. Kf1 O-O-O 10. h3 Bh5 11. Na3 Qb4 12. c3 Qxb2 13. Nc2 Bg6 14. Ne3
Nf6 15. Bxf6 gxf6 16. Qc1 Ba3 17. Qxb2 Bxb2 18. Rd1 Bxc3 19. Rxd5 Be4 20. Rxd8+
Rxd8 21. Nh4 Bxg2+ 22. Kxg2 Rd2 23. Rc1 Bd4 24. Nhf5 Bxe3 25. Nxe3 Rxa2 26. Nd5
a5 27. Nxf6 a4 28. Nxh7 a3 29. h4 Rb2 30. h5 a2 31. Ra1 Kd7 32. h6 Ke7 33. Ng5
Ne5 34. Re1 Kd7 35. h7 Ng6 36. Nxf7 Rb1 37. Ne5+ Nxe5 38. Rxe5 Rg1+ 39. Kf3 a1=Q
40. h8=Q Qc3+ 41. Kg4 Qd4+ 42. Kg5 Qd2+ 43. Kg6 Qc2+ 44. Kg7 Rd1 45. Qh4 Qc3 46.
Qf6 Qb4 47. Qf7+ Kc8 48. Qf8+ Qxf8+ 49. Kxf8 Kd7 50. g4 Rf1 51. Rf5 Ke6 52. Kg7
b5 53. Rf3 Ke5 54. g5 b4 55. g6 Ke4 56. Rb3 Rxf2 57. Rxb4+ Kf5 58. Rb5+ Ke6 59.
Rb6+ Ke7 60. Kh7 Rh2+ 61. Kg7 Rh1 62. Rb7+ Ke8 63. Rf7 Rh2 64. Rf1 Ke7 65. Re1+
Kd7 66. Re5 Rh1 67. Kf6 Rf1+ 68. Rf5 Rg1 69. Kf7 Kd6 70. g7 1-0

[Event "33rd Zalakaros Open 2014"]
[Site "Zalakaros HUN"]
[Date "2014.05.29"]
[Round "7.32"]
[White "Szamoskozi, Gabor"]
[Black "Varga, Klara"]
[Result "0-1"]
[WhiteTitle "FM"]
[BlackTitle "WIM"]
[WhiteElo "2358"]
[BlackElo "2260"]
[WhiteFideId "719056"]
[BlackFideId "733210"]
[EventDate "2014.05.23"]

1. e4 d6 2. d4 c6 3. f4 g6 4. Nf3 Bg7 5. Bd3 Nd7 6. O-O b5 7. c3 Bb7 8. e5 Nf8
9. a4 a6 10. axb5 axb5 11. Rxa8 Bxa8 12. Nbd2 Nh6 13. Ne4 Ne6 14. Ng3 dxe5 15.
fxe5 O-O 16. h3 c5 17. dxc5 Nxc5 18. Bc2 Qxd1 19. Rxd1 Rc8 20. Nd4 Bxe5 21. Bxh6
Bxg3 22. Nxb5 Be4 23. Bxe4 Nxe4 24. Na7 Bf2+ 0-1

[Event "33rd Zalakaros Open 2014"]
[Site "Zalakaros HUN"]
[Date "2014.05.29"]
[Round "7.33"]
[White "Hrbolka, Ladislav"]
[Black "Dankhazi, Andras"]
[Result "1/2-1/2"]
[WhiteTitle "FM"]
[WhiteElo "2110"]
[BlackElo "2203"]
[WhiteFideId "300772"]
[BlackFideId "714267"]
[EventDate "2014.05.23"]

1. d4 Nf6 2. c4 e6 3. Nf3 d5 4. cxd5 exd5 5. Nc3 c6 6. Bg5 Be7 7. Qc2 g6 8. e4
dxe4 9. Bxf6 Bxf6 10. Qxe4+ Qe7 11. Bc4 Bf5 12. Qxe7+ Kxe7 13. O-O-O Nd7 1/2-1/2

[Event "33rd Zalakaros Open 2014"]
[Site "Zalakaros HUN"]
[Date "2014.05.29"]
[Round "7.34"]
[White "Erdos, Boglarka"]
[Black "Juhasz, Barbara"]
[Result "1-0"]
[BlackTitle "WFM"]
[WhiteElo "2185"]
[BlackElo "2161"]
[WhiteFideId "727458"]
[BlackFideId "743585"]
[EventDate "2014.05.23"]

1. b3 Nf6 2. Bb2 g6 3. Bxf6 exf6 4. c4 Bg7 5. Nc3 f5 6. Rc1 O-O 7. g3 c6 8. Bg2
d6 9. e3 Nd7 10. Nge2 Re8 11. O-O Nc5 12. d4 Ne4 13. Qd3 Qe7 14. b4 Bd7 15. a4
Rac8 16. a5 h5 17. b5 c5 18. Nd5 Qd8 19. Rfd1 Rb8 20. dxc5 Nxc5 21. Qa3 Be6 22.
Nef4 Be5 23. Rd2 h4 24. Rcd1 hxg3 25. hxg3 g5 26. Ne2 Qc8 27. f4 gxf4 28. exf4
Bxd5 29. Bxd5 Bg7 30. Qf3 Ne4 31. Qh5 Qc5+ 32. Nd4 Re7 33. Rd3 Nc3 34. Kg2 Bxd4
35. Rxd4 Nxd1 36. Qg5+ Kf8 37. Rxd1 Re2+ 38. Kh3 Qf2 39. Rh1 Qd4 40. Qh5 Re7 41.
Qxf5 Rbe8 42. Kg4 Qg7+ 43. Qg5 f6 44. Qxg7+ Kxg7 45. Kf5 b6 46. axb6 axb6 47.
Rh4 Rf8 48. Rg4+ Kh7 49. Rg6 Rg7 50. Rxf6 Rd8 51. g4 Rdd7 52. g5 Rge7 53. Rh6+
Kg7 54. Rg6+ Kh7 55. Kf6 1-0

[Event "33rd Zalakaros Open 2014"]
[Site "Zalakaros HUN"]
[Date "2014.05.29"]
[Round "7.35"]
[White "Havanecz, Bianka"]
[Black "Terbe, Julianna"]
[Result "1/2-1/2"]
[WhiteElo "2195"]
[BlackElo "2130"]
[WhiteFideId "704814"]
[BlackFideId "708780"]
[EventDate "2014.05.23"]

1. d4 Nf6 2. c4 g6 3. Nc3 Bg7 4. e4 d6 5. Bd3 O-O 6. Nge2 Nc6 7. O-O Nh5 8. Be3
e5 9. d5 Nd4 10. Qd2 c5 11. dxc6 bxc6 12. b4 f5 13. Bg5 Qc7 14. Rab1 f4 15. f3
h6 16. Bh4 g5 17. Bf2 g4 18. fxg4 Bxg4 19. Nxd4 exd4 20. Ne2 c5 21. h3 Be6 22.
Bh4 f3 23. Rxf3 Rxf3 24. gxf3 Qf7 25. f4 Rf8 26. bxc5 dxc5 27. f5 Bxc4 28. Bxc4
Qxc4 29. Rc1 Qb5 30. Be7 Re8 31. Bxc5 Rxe4 32. Nxd4 Qd7 33. Rd1 Nf4 34. Ne6 Qc6
35. Bxa7 Nxe6 36. fxe6 Qxe6 37. Qd5 Re1+ 38. Kf2 Re2+ 39. Kf3 Qxd5+ 40. Rxd5
Rxa2 41. Rd8+ Kf7 42. Rd7+ Kg6 43. Bb8 Ra3+ 44. Kg2 Ra2+ 45. Kg3 1/2-1/2

[Event "33rd Zalakaros Open 2014"]
[Site "Zalakaros HUN"]
[Date "2014.05.30"]
[Round "8.1"]
[White "Jones, Gawain C B"]
[Black "Kovalenko, Igor"]
[Result "0-1"]
[WhiteTitle "GM"]
[BlackTitle "GM"]
[WhiteElo "2645"]
[BlackElo "2611"]
[WhiteFideId "409561"]
[BlackFideId "14117908"]
[EventDate "2014.05.23"]
[EventType "swiss"]

1. e4 c6 2. d4 d5 3. Nc3 dxe4 4. Nxe4 Nf6 5. Nxf6+ gxf6 6. Nf3 Bg4 7. Be2 Nd7 8.
h3 Bh5 9. O-O Qc7 10. Nh4 Bg6 11. c4 Bg7 12. Be3 Rd8 13. Qc1 O-O 14. Rd1 Rfe8
15. Bh6 e6 16. Bxg7 Kxg7 17. Qe3 Qa5 18. f4 c5 19. dxc5 Qxc5 20. Kf2 a5 21. b3
Qc7 22. Bf3 Nc5 23. Kg1 b6 24. g3 Bc2 25. Rdc1 Bd3 26. Re1 Rd7 27. Rad1 Red8 28.
Rd2 Rd6 29. Red1 R8d7 30. Ng2 Qd8 31. Ne1 Bf5 32. Rxd6 Rxd6 33. Rxd6 Qxd6 34. h4
Bb1 35. a3 Nd7 36. Qc1 Qd4+ 37. Kg2 Be4 38. Bxe4 Qxe4+ 39. Kf2 Nc5 40. b4 axb4
41. axb4 Qd4+ 42. Kg2 Ne4 43. Qc2 Qe3 44. Nf3 h5 45. c5 bxc5 46. b5 c4 47. b6
Nd6 48. Qf2 Qe4 49. Qb2 Qc6 50. Qb1 c3 51. Qc2 Nf5 52. b7 Ne3+ 53. Kf2 Nxc2 54.
b8=Q Qc5+ 55. Ke2 Qe3+ 56. Kd1 Nd4 0-1

[Event "33rd Zalakaros Open 2014"]
[Site "Zalakaros HUN"]
[Date "2014.05.30"]
[Round "8.2"]
[White "Bachmann, Axel"]
[Black "Onischuk, Vladimir"]
[Result "1-0"]
[WhiteTitle "GM"]
[BlackTitle "GM"]
[WhiteElo "2589"]
[BlackElo "2594"]
[WhiteFideId "3700488"]
[BlackFideId "14114038"]
[EventDate "2014.05.23"]
[EventType "swiss"]

1. d4 d6 2. e4 Nf6 3. Nc3 g6 4. Bg5 Bg7 5. f4 O-O 6. Nf3 d5 7. e5 Ne4 8. Bh4 c5
9. dxc5 Nxc3 10. bxc3 Nc6 11. Qd2 Bg4 12. Nd4 f6 13. h3 Bd7 14. e6 Bc8 15. f5
Qa5 16. Bd3 Bh6 17. Qxh6 Qxc3+ 18. Kd1 g5 19. Nxc6 bxc6 20. Rb1 Ba6 21. Bxa6
Rab8 22. Rc1 gxh4 23. Bd3 Qxc5 24. Ke2 Qd6 25. Rhf1 Rb4 26. Rb1 Rxb1 27. Rxb1
Qg3 28. Kf1 c5 29. Rb7 Rb8 30. Rxb8+ Qxb8 31. Qxh4 c4 32. Qg4+ Kh8 33. Be2 Qb1+
34. Bd1 a5 35. Qh5 Qb8 36. c3 d4 37. cxd4 c3 38. Kg1 a4 39. Bxa4 Qd8 40. Kh1 1-0

[Event "33rd Zalakaros Open 2014"]
[Site "Zalakaros HUN"]
[Date "2014.05.30"]
[Round "8.3"]
[White "Berkes, Ferenc"]
[Black "Kovchan, Alexander"]
[Result "1/2-1/2"]
[WhiteTitle "GM"]
[BlackTitle "GM"]
[WhiteElo "2665"]
[BlackElo "2558"]
[WhiteFideId "718572"]
[BlackFideId "14103052"]
[EventDate "2014.05.23"]
[EventType "swiss"]

1. d4 Nf6 2. c4 g6 3. Nc3 d5 4. e3 Bg7 5. Qb3 e6 6. Nf3 O-O 7. Bd2 Nc6 8. cxd5
exd5 9. Be2 Ne7 10. O-O c6 11. Na4 1/2-1/2

[Event "33rd Zalakaros Open 2014"]
[Site "Zalakaros HUN"]
[Date "2014.05.30"]
[Round "8.5"]
[White "Horvath, Adam1"]
[Black "Baumegger, Siegfried"]
[Result "0-1"]
[WhiteTitle "GM"]
[BlackTitle "IM"]
[WhiteElo "2531"]
[BlackElo "2469"]
[WhiteFideId "708003"]
[BlackFideId "1602829"]
[EventDate "2014.05.23"]
[EventType "swiss"]

1. e4 c5 2. Nf3 d6 3. d4 cxd4 4. Nxd4 Nf6 5. Nc3 g6 6. Be3 Bg7 7. f3 O-O 8. Qd2
Nc6 9. g4 Be6 10. O-O-O Nxd4 11. Bxd4 Qa5 12. a3 Rab8 13. Kb1 Rfc8 14. h4 b5 15.
Nd5 Qxd2 16. Rxd2 Bxd5 17. exd5 a5 18. Ba7 Rb7 19. Bf2 Nd7 20. a4 bxa4 0-1

[Event "33rd Zalakaros Open 2014"]
[Site "Zalakaros HUN"]
[Date "2014.05.30"]
[Round "8.6"]
[White "Rapport, Richard"]
[Black "Korpa, Bence"]
[Result "1-0"]
[WhiteTitle "GM"]
[BlackTitle "FM"]
[WhiteElo "2701"]
[BlackElo "2415"]
[WhiteFideId "738590"]
[BlackFideId "706671"]
[EventDate "2014.05.23"]
[EventType "swiss"]

1. d4 d5 2. Bf4 Nf6 3. e3 c5 4. Nf3 Nc6 5. Nbd2 cxd4 6. exd4 Bf5 7. c3 e6 8. Qb3
Qc8 9. Be2 Be7 10. O-O O-O 11. Nh4 Bg4 12. f3 Bh5 13. g4 Bg6 14. Bg3 Qd7 15.
Rae1 Rac8 16. a3 Ne8 17. Nxg6 hxg6 18. Bd3 Nd6 19. Qd1 Na5 20. Qe2 Nac4 21. Nxc4
Nxc4 22. f4 Bd6 23. h4 Bb8 24. Kg2 Nd6 25. Rh1 Rce8 26. h5 gxh5 27. Rxh5 f5 28.
Reh1 Kf7 29. Rg5 Rg8 30. gxf5 exf5 31. Qh5+ Kf8 32. Bxf5 Qb5 33. Bh7 Re2+ 34.
Kh3 Qd7+ 35. Bf5 Qe7 36. Bg4 Re3 37. Re5 Rxe5 38. fxe5 Nf7 39. Rf1 g6 40. Qh4
Ke8 41. Qxe7+ Kxe7 42. Bf4 Rh8+ 43. Kg2 Bc7 44. Bd2 Rh7 45. Bc8 b5 46. Bb7 1-0

[Event "33rd Zalakaros Open 2014"]
[Site "Zalakaros HUN"]
[Date "2014.05.30"]
[Round "8.7"]
[White "Czebe, Attila"]
[Black "Erdos, Viktor"]
[Result "1/2-1/2"]
[WhiteTitle "GM"]
[BlackTitle "GM"]
[WhiteElo "2409"]
[BlackElo "2651"]
[WhiteFideId "705268"]
[BlackFideId "719978"]
[EventDate "2014.05.23"]
[EventType "swiss"]

1. c4 c5 2. Nf3 Nc6 3. d4 cxd4 4. Nxd4 Nf6 5. Nc3 e6 6. g3 Qb6 7. Nb3 Ne5 8. e4
Bb4 9. Qe2 d6 10. f4 Nc6 11. Be3 Bxc3+ 12. bxc3 Qc7 13. Bg2 O-O 14. c5 dxc5 15.
Bxc5 Rd8 16. e5 Na5 17. exf6 Nxb3 18. axb3 Qxc5 19. Qe5 Qb6 20. Qg5 Qe3+ 21. Kf1
Qd3+ 22. Kg1 Qe3+ 23. Kf1 Qd3+ 24. Kg1 Qe3+ 1/2-1/2

[Event "33rd Zalakaros Open 2014"]
[Site "Zalakaros HUN"]
[Date "2014.05.30"]
[Round "8.8"]
[White "Banusz, Tamas"]
[Black "Fodor, Tamas Jr."]
[Result "1-0"]
[WhiteTitle "GM"]
[BlackTitle "GM"]
[WhiteElo "2609"]
[BlackElo "2462"]
[WhiteFideId "722413"]
[BlackFideId "723762"]
[EventDate "2014.05.23"]
[EventType "swiss"]

1. c4 Nf6 2. Nf3 e6 3. g3 d5 4. Bg2 d4 5. d3 c5 6. b4 cxb4 7. a3 Nc6 8. O-O a5
9. e3 bxa3 10. exd4 Nxd4 11. Nxa3 Bc5 12. Nxd4 Bxd4 13. Rb1 O-O 14. Nb5 Bc5 15.
d4 Be7 16. Bf4 a4 17. Ra1 a3 18. Qb3 Bd7 19. Bxb7 Bxb5 20. cxb5 Ra7 21. Bc6 Nd5
22. Bxd5 Qxd5 23. Qxd5 exd5 24. b6 Rb7 25. Bc7 Ra8 26. Rfe1 Kf8 27. Re5 f6 28.
Rxd5 Ra4 29. Kg2 Kf7 30. Kf3 Ke6 31. Ke4 Bb4 32. Ra2 Bc3 33. Rd8 Bb2 34. Kd3 Ke7
35. d5 Rd4+ 36. Ke2 g5 37. d6+ Ke6 38. Re8+ Kd7 39. Re7+ Kc6 40. Rxh7 Rxd6 41.
Bxd6 Rxh7 42. Bxa3 Be5 43. Bb2 Bxb2 44. Rxb2 Kb7 45. Kf3 Rxh2 46. Ke4 1-0